Prasanga: (Record no. 11249)

MARC details
000 -LEADER
fixed length control field 00513nam a22001937a 4500
005 - DATE AND TIME OF LATEST TRANSACTION
control field 20211218112151.0
008 - FIXED-LENGTH DATA ELEMENTS--GENERAL INFORMATION
fixed length control field 211218b ||||| |||| 00| 0 eng d
020 ## - INTERNATIONAL STANDARD BOOK NUMBER
International Standard Book Number 9789385439971
040 ## - CATALOGING SOURCE
Original cataloging agency IN-DiNC
Transcribing agency IN-DiNC
041 ## - LANGUAGE CODE
Language code of sung or spoken text Assamese
082 ## - DEWEY DECIMAL CLASSIFICATION NUMBER
Classification number 491.4515
Item number NAT
100 ## - MAIN ENTRY--PERSONAL NAME
Personal name Nath, Dipen
Relator term Author
245 ## - TITLE STATEMENT
Title Prasanga:
Remainder of title byakaran aru paribhasha/
Statement of responsibility, etc. By Dipen Nath
250 ## - EDITION STATEMENT
Edition statement 1st ed.
260 ## - PUBLICATION, DISTRIBUTION, ETC.
Place of publication, distribution, etc. Jorhat:
Name of publisher, distributor, etc. Bidya bhawan,
Date of publication, distribution, etc. 2021
300 ## - PHYSICAL DESCRIPTION
Extent 250p.
650 ## - SUBJECT ADDED ENTRY--TOPICAL TERM
Topical term or geographic name entry element Grammar of Assamese language
942 ## - ADDED ENTRY ELEMENTS (KOHA)
Source of classification or shelving scheme Dewey Decimal Classification
Koha item type Books
Holdings
Withdrawn status Lost status Source of classification or shelving scheme Damaged status Not for loan Collection code Home library Current library Shelving location Date acquired Cost, normal purchase price Total Checkouts Full call number Barcode Date last seen Date last checked out Copy number Price effective from Koha item type
    Dewey Decimal Classification     Assamese Naharkatiya College Central Library Naharkatiya College Central Library General Stacks 18/12/2021 230.00 17 491.4515 NAT 28775 26/11/2024 26/10/2024 1 18/12/2021 Books
    Dewey Decimal Classification     Assamese Naharkatiya College Central Library Naharkatiya College Central Library General Stacks 18/12/2021 230.00 12 491.4515 NAT 28776 26/11/2024 26/10/2024 2 18/12/2021 Books
    Dewey Decimal Classification     Assamese Naharkatiya College Central Library Naharkatiya College Central Library General Stacks 18/12/2021 230.00 17 491.4515 NAT 28777 26/11/2024 14/11/2024 3 18/12/2021 Books
    Dewey Decimal Classification     Assamese Naharkatiya College Central Library Naharkatiya College Central Library General Stacks 18/12/2021 230.00 14 491.4515 NAT 28778 22/11/2024 09/11/2024 4 18/12/2021 Books
    Dewey Decimal Classification     Assamese Naharkatiya College Central Library Naharkatiya College Central Library General Stacks 18/12/2021 230.00 16 491.4515 NAT 28779 26/11/2024 06/11/2024 5 18/12/2021 Books

Naharkatiya College © 2020. All rights reserved.

Powered By